000 00527nam a2200193Ia 4500
001 3707
003 IN-NITTTR
005 20251114232950.0
008 251113s9999||||xx |||||||||||||| ||eng||
040 _beng
040 _cIN-NITTTR
041 _aeng
082 _a621.38153 H24D
100 _aHarris, J. N.
245 0 _aDigital transistor circuits :
_b semiconductor electronics education committee /
_cHarris, J. N., Gray, P. E., Searle, C. L.
700 _a Gray, P. E.
700 _a Searle, C. L.
942 _2ddc
_cBK
999 _c6036
_d6036